Billie Eilish - Chansons par ordre alphabétique - Statistiques

Statistiques générales
  • Ce quiz a été pris 171 fois
  • Le résultat moyen est 36 sur 63
Statistiques - réponses
Lettres Chansons % Correct
Chiffres 8
87%
B bad guy
78%
Symboles &burn
78%
B bellyache
74%
A all the good girls go to hell
72%
B BLUE
72%
I i love you
72%
B Billie Bossa Nova
71%
C CHIHIRO
71%
B BIRDS OF A FEATHER
69%
Chiffres The 30th
68%
B BITTERSUITE
67%
W WILDFLOWER
67%
X xanny
67%
L L'AMOUR DE MA VIE
66%
S SKINNY
65%
L LUNCH
64%
O ocean eyes
64%
D THE DINER
64%
G THE GREATEST
64%
W What Was I Made For?
64%
E everything I wanted
63%
H Happier Than Ever
63%
C COPYCAT
62%
W watch
60%
W when the party's over
60%
I idontwannabeyouanymore
59%
O Oxytocin
59%
Y you should see me in a crown
59%
I ilomilo
58%
M my boy
57%
M my future
57%
N NDA
57%
B bury a friend
56%
H hostage
56%
L lovely
55%
M Male Fantasy
55%
P party favor
54%
B bitches broken hearts
53%
I I Didn't Change My Number
53%
L listen before I go
53%
T Therefore I Am
53%
Y Your Power
53%
B Bored
52%
G Getting Older
52%
G GOLDWING
52%
L Lost Cause
52%
T TV
52%
N No Time To Die
51%
W wish you were gay
50%
H Halley's Comet
49%
M my strange addiction
49%
N Not My Responsibility
48%
C come out and play
46%
G goodbye
46%
E Everybody Dies
42%
O Overheated
40%
S Six Feet Under
40%
L Lo Vas A Olvidar
37%
W WHEN I WAS OLDER
36%
H hotline
26%
M MyBoi
21%
Symboles !!!!!!!
13%
Aucun quiz correspondant
Distribution des résultats
% des personnes avec chaque résultat
Percentile par nombre de réponses
Votre historique - résultats
Vous n’avez pas pris ce quiz